|
|
|
|
| LEADER |
02790nam a22005655i 4500 |
| 001 |
978-0-306-48095-9 |
| 003 |
DE-He213 |
| 005 |
20151204142839.0 |
| 007 |
cr nn 008mamaa |
| 008 |
100301s2002 xxu| s |||| 0|eng d |
| 020 |
|
|
|a 9780306480959
|9 978-0-306-48095-9
|
| 024 |
7 |
|
|a 10.1007/b101865
|2 doi
|
| 040 |
|
|
|d GrThAP
|
| 050 |
|
4 |
|a QA75.5-76.95
|
| 072 |
|
7 |
|a UY
|2 bicssc
|
| 072 |
|
7 |
|a UYA
|2 bicssc
|
| 072 |
|
7 |
|a COM014000
|2 bisacsh
|
| 072 |
|
7 |
|a COM031000
|2 bisacsh
|
| 082 |
0 |
4 |
|a 004.0151
|2 23
|
| 100 |
1 |
|
|a Grun, Peter.
|e author.
|
| 245 |
1 |
0 |
|a Memory Architecture Exploration for Programmable Embedded Systems
|h [electronic resource] /
|c by Peter Grun, Nikil Dutt, Alex Nicolau.
|
| 264 |
|
1 |
|a Boston, MA :
|b Springer US,
|c 2002.
|
| 300 |
|
|
|a XVII, 128 p.
|b online resource.
|
| 336 |
|
|
|a text
|b txt
|2 rdacontent
|
| 337 |
|
|
|a computer
|b c
|2 rdamedia
|
| 338 |
|
|
|a online resource
|b cr
|2 rdacarrier
|
| 347 |
|
|
|a text file
|b PDF
|2 rda
|
| 505 |
0 |
|
|a Related Work -- Early Memory Size Estimation -- Early Memory and Connectivity Architecture Exploration -- Memory-Aware Compilation -- Experiments -- Conclusions.
|
| 520 |
|
|
|a Memory Architecture Exploration for Programmable Embedded Systems addresses efficient exploration of alternative memory architectures, assisted by a "compiler-in-the-loop" that allows effective matching of the target application to the processor-memory architecture. This new approach for memory architecture exploration replaces the traditional black-box view of the memory system and allows for aggressive co-optimization of the programmable processor together with a customized memory system. The book concludes with a set of experiments demonstrating the utility of this exploration approach. The authors perform architecture and compiler exploration for a set of large, real-life benchmarks, uncovering promising memory configurations from different perspectives, such as cost, performance and power.
|
| 650 |
|
0 |
|a Computer science.
|
| 650 |
|
0 |
|a Architecture, Computer.
|
| 650 |
|
0 |
|a Computers.
|
| 650 |
|
0 |
|a Computer-aided engineering.
|
| 650 |
|
0 |
|a Electrical engineering.
|
| 650 |
|
0 |
|a Electronic circuits.
|
| 650 |
1 |
4 |
|a Computer Science.
|
| 650 |
2 |
4 |
|a Theory of Computation.
|
| 650 |
2 |
4 |
|a Computer System Implementation.
|
| 650 |
2 |
4 |
|a Circuits and Systems.
|
| 650 |
2 |
4 |
|a Computer-Aided Engineering (CAD, CAE) and Design.
|
| 650 |
2 |
4 |
|a Electrical Engineering.
|
| 700 |
1 |
|
|a Dutt, Nikil.
|e author.
|
| 700 |
1 |
|
|a Nicolau, Alex.
|e author.
|
| 710 |
2 |
|
|a SpringerLink (Online service)
|
| 773 |
0 |
|
|t Springer eBooks
|
| 776 |
0 |
8 |
|i Printed edition:
|z 9781402073243
|
| 856 |
4 |
0 |
|u http://dx.doi.org/10.1007/b101865
|z Full Text via HEAL-Link
|
| 912 |
|
|
|a ZDB-2-SCS
|
| 912 |
|
|
|a ZDB-2-BAE
|
| 950 |
|
|
|a Computer Science (Springer-11645)
|